LEADER 01195nam a2200265 i 4500 001 000000158474 003 CaOOAMICUS 005 20250220123200.0 008 070208s1983 it a u000 u ita u 040 $aSeMil$bita 100 1 $aDella Robbia, Andrea,$c.$0(OLS)http://semarc/name/41465 245 10$a1: Madonne /$c[introduzione e schede a cura di Giancarlo Gentilini]. 260 $aFirenze :$bMuseo nazionale del Bargello,$c1983. 300 $a35 p. :$bill. ;$c21 cm. 490 1 $aLo specchio del Bargello ;$v14 700 1 $aGentilini, Giancarlo.$0(OLS)http://semarc/name/5020 773 0 $aMuseo Nazionale del Bargello$tAndrea della Robbia.$dFirenze : Museo nazionale del Bargello, 1983-$kSpecchio del Bargello$w()361769 830 3$aLo specchio del Bargello ;$v14.$0(OLS)http://semarc/title/19142 850 $aSeMil 852 $aSeMil$W1$xVenegono$y1$m5L I 29$j110125$B110125$CSeMilBibl$Z2$F119753 $81 941 1 $a1 961 $aOmaggio: Ciprandi dott. Paolo 996 $6245$a1: Madonne$9(OLS)http://semarc/title/139976 996 $6260$aFirenze :$bMuseo nazionale del Bargello$9(OLS)http://semarc/publisher/62250 LEADER 01038nam a2200229 i 4500 001 000000032472 003 CaOOAMICUS 005 20180830125449.0 008 180830s1960 it u000 u ita u 040 $aSeMil$bita 100 1 $aBouyer, Louis,$d<1913-2004>.$0(OLS)http://semarc/name/104 245 10$aHistoire de la spiritualité chrétienne /$cLouis Bouyer ... [et al.]. 260 $aParis :$bAubier,$c1960. 300 $av. ;$c23 cm. 500 $aFondo card. Giovanni Colombo. 650 4$aSpiritualità - Storia.$0(OLS)http://semarc/subject/1901 774 0 $aLeclercq, Jean $tSpiritualité du Moyen Age.$g2$w()187974 774 0 $aBouyer, Louis <1913-2004>$tSpiritualité orthodoxe et la spiritualité protestante et anglicane.$g3$w()187985 774 0 $aBouyer, Louis <1913-2004>$tSpiritualité du Nouveau Testament et des pères.$g1$w()187994 941 1 $a3 996 $6245$aHistoire de la spiritualité chrétienne$9(OLS)http://semarc/title/35898 996 $6260$aParis :$bAubier$9(OLS)http://semarc/publisher/30108